Govt. of
Madhya Pradesh

सामान्‍य विज्ञान (Record no. 63454)

MARC details
000 -LEADER
fixed length control field 00323nam a22001097a 4500
082 ## - DEWEY DECIMAL CLASSIFICATION NUMBER
Classification number 500
100 ## - MAIN ENTRY--AUTHOR NAME
Personal name मुखर्जी सिद्धार्थ
245 ## - TITLE STATEMENT
Title सामान्‍य विज्ञान
260 ## - PUBLICATION, DISTRIBUTION, ETC. (IMPRINT)
Place of publication Meerut
Name of publisher Arihant Pub
Year of publication 2020
650 ## - SUBJECT ADDED ENTRY--TOPICAL TERM
Topical Term विज्ञान
942 ## - ADDED ENTRY ELEMENTS (KOHA)
Koha item type Books
Holdings
Withdrawn status Lost status Damaged status Not for loan Home library Current library Date acquired Cost, normal purchase price Full call number Accession Number Price effective from Koha item type
        MACL MACL 03/10/2020 265.00 500 GCLC00899 03/10/2020 Books
        MACL MACL 03/10/2020 265.00 500 GCLC00900 03/10/2020 Books